000 01419nam a22002297a 4500
001 10038
003 FISKH
005 20260331143028.0
008 260331b cb ||||| |||| 00| 0 eng d
020 _a9789995001186
040 _aFISKH
_bkhr
_cFISKH
_dFISKH
082 _a513
100 _aVibol, Prum
245 _aគណិតវិទ្យា ថ្នាក់ទី ៤​ /
260 _aPhnom Penh :
_bMinistry of Youth and Sport,
_c2023.
300 _a124 pages :
_billustraitons ;
_c25 cm
520 _aសៀវភៅសិក្សាគណិតវិទ្យាសម្រាប់សិស្សថ្នាក់ទី៤ ដែលបង្រៀនមូលដ្ឋានគ្រឹះគណិតវិទ្យាសំខាន់ៗ ដូចជា ចំនួនគត់ ការបូក ការដក ការគុណ ការចែក ប្រភាគ ទម្ងន់ ប្រវែង ពេលវេលា រូបធរណីមាត្រ និងការដោះស្រាយបញ្ហាប្រចាំថ្ងៃ។
520 _aA primary school mathematics textbook for Grade 4 students that introduces essential mathematical concepts including whole numbers, addition, subtraction, multiplication, division, fractions, measurement, time, geometry, and everyday problem-solving.
650 _aMathematic
942 _2ddc
_cBK
_n0
999 _c10038
_d10038